11 interludií pro dvě klariny
| Other Authors: | Trojan, Jan, 1982- |
|---|---|
| Language: | No linguistic content |
| Published: |
Praha : Supraphon, 1977 |
| Series: |
Musica Viva Historica
|
| Physical Description: |
15 s. |
| LEADER | 00732ncm a22002292a 4500 | ||
|---|---|---|---|
| 001 | 001204027 | ||
| 003 | CZ BrMZK | ||
| 005 | 20120403135247.0 | ||
| 007 | qu | ||
| 008 | 120221s1977 xr |||||||||||||||||zxx d | ||
| 040 | |a BOA001 |b cze | ||
| 072 | 7 | |a 788 |x Hudba pro dechové nástroje |2 Konspekt |9 9 | |
| 245 | 0 | 0 | |a 11 interludií pro dvě klariny |h [hudebnina] / |c editor Jan Trojan |
| 260 | |a Praha : |b Supraphon, |c 1977 | ||
| 300 | |a 15 s. | ||
| 490 | 1 | |a Musica Viva Historica ; |v 38 | |
| 700 | 1 | |a Trojan, Jan, |d 1982- |7 mzk2008473040 |4 edt | |
| 830 | 0 | |a Musica Viva Historica | |
| 910 | |a BOA001 |b Mus4-0774.329 | ||
| 990 | |a MU | ||
| 991 | |b 201204 | ||
| 996 | 6 | |b 2619080598 |c Mus4-0774.329 |l MZK |r Sklad / do 1 hodiny |n 1 |w 001237604 |u 000010 |a 1 |e BOA001 |j MZK50 |s P | |
English
Čeština 